[Event "Skopje op"]
[Site "Skopje"]
[Date "2019.12.12"]
[Round "9"]
[White "Kanov, Nikola"]
[Black "Eftovski, Sasho"]
[Result "1-0"]
[WhiteElo "2069"]
[BlackElo "2068"]
[PlyCount "137"]
[EventDate "2019.12.06"]
[EventType "swiss"]
[EventRounds "9"]
[EventCountry "MKD"]
[SourceTitle "CBM 193 Extra"]
[Source "ChessBase"]
[SourceDate "2020.01.31"]
[SourceVersion "1"]
[SourceVersionDate "2020.01.31"]
[SourceQuality "1"]

1. e4 d5 2. exd5 Qxd5 3. Nc3 Qa5 4. d4 c6 5. Bc4 Nf6 6. Nf3 Bg4 7. Bd2 Qc7 8. h3 Bxf3 9. Qxf3 e6 10. 0-0-0 Nbd7 11. Rhe1 0-0-0 12. Bf4 Bd6 13. Bxd6 Qxd6 14. g4 h6 15. h4 Rhf8 16. g5 hxg5 17. hxg5 Nd5 18. Ne4 Qf4+ 19. Qxf4 Nxf4 20. Bb3 Kc7 21. Ng3 Nb6 22. c3 Nbd5 23. Bc2 g6 24. Rh1 Rh8 25. a4 Nh3 26. Ne4 Rh4 27. Rd3 Rxe4 28. Rdxh3 Rg4 29. Rh7 Rd7 30. Rg7 Rxg5 31. Rhh7 Nf6 32. Rh8 Nh5 33. Rgh7 Rg2 34. Rf8 f5 35. Rxd7+ Kxd7 36. Rf7+ Kc8 37. Rf8+ Kc7 38. Rf7+ Kb6 39. b4 a6 40. a5+ Ka7 41. Ba4 Kb8 42. Rf8+ Kc7 43. Rf7+ Kd6 44. Rxb7 Rxf2 45. Rb6 Kd5 46. Rxa6 Nf4 47. Bb3+ Ke4 48. Bc2+ Kd5 49. Rb6 Rh2 50. a6 Rh8 51. a7 Ra8 52. Ra6 Kc4 53. Ba4 Ne2+ 54. Kd2 Nxc3 55. Bxc6 Rd8 56. a8Q Rxd4+ 57. Kc2 Rh4 58. Qb8 f4 59. Bg2 Nd5 60. Bxd5+ exd5 61. Rc6+ Kd4 62. Qb6+ Ke4 63. Re6+ Kf3 64. Qg1 g5 65. Kd3 g4 66. Qf1+ Kg3 67. Re2 f3 68. Qf2+ Kf4 69. Qxh4 1-0

[Event "Skopje op"]
[Site "Skopje"]
[Date "2019.12.10"]
[Round "7"]
[White "Zlatkov, Anton"]
[Black "Eftovski, Sasho"]
[Result "0-1"]
[WhiteElo "1802"]
[BlackElo "2068"]
[PlyCount "54"]
[EventDate "2019.12.06"]
[EventType "swiss"]
[EventRounds "9"]
[EventCountry "MKD"]
[SourceTitle "CBM 193 Extra"]
[Source "ChessBase"]
[SourceDate "2020.01.31"]
[SourceVersion "1"]
[SourceVersionDate "2020.01.31"]
[SourceQuality "1"]

1. e4 d5 2. exd5 Qxd5 3. Nc3 Qa5 4. d4 c6 5. Nf3 Bf5 6. Bc4 e6 7. 0-0 Nf6 8. Bd2 Qc7 9. Re1 Bd6 10. Bg5 Nbd7 11. Qe2 0-0 12. Ne5 h6 13. Bh4 a6 14. Bb3 b5 15. Bg3 c5 16. dxc5 Nxc5 17. Rad1 Rad8 18. Qf3 b4 19. Na4 Nce4 20. Rxd6 Qxd6 21. Bf4 g5 22. Bg3 Nxg3 23. hxg3 Qd2 24. Re2 Qc1+ 25. Kh2 Ne4 26. Ng4 Bxg4 27. Qxg4 Rd1 0-1

[Event "FRM-ch op"]
[Site "Ohrid"]
[Date "2019.08.27"]
[Round "5"]
[White "Eftovski, Sasho"]
[Black "Nikolovski, Nikola"]
[Result "0-1"]
[WhiteElo "2128"]
[BlackElo "2409"]
[PlyCount "134"]
[EventDate "2019.08.24"]
[EventType "swiss"]
[EventRounds "9"]
[EventCountry "MKD"]
[SourceTitle "EXT 2020"]
[Source "ChessBase"]
[SourceDate "2019.10.17"]
[SourceVersion "1"]
[SourceVersionDate "2019.10.17"]
[SourceQuality "1"]

1. d4 e6 2. c4 f5 3. Nf3 Nf6 4. a3 Be7 5. Nc3 0-0 6. h3 d6 7. Bf4 Qe8 8. e3 Nbd7 9. Qc2 Bd8 10. Bh2 g6 11. Be2 e5 12. dxe5 dxe5 13. 0-0 c6 14. b4 Bc7 15. Rad1 b6 16. c5 b5 17. Qb3+ Kh8 18. Ng5 Nb8 19. Rd2 a6 20. Qb2 Qe7 21. Nf3 Nbd7 22. Bd1 h6 23. Bb3 Bb7 24. Rfd1 Rae8 25. Ne2 Kh7 26. Ned4 Nxc5 27. bxc5 exd4 28. Bxc7 Qxc7 29. Nxd4 Bc8 30. Bc2 Nd7 31. Qb4 a5 32. Qc3 Nf6 33. Nb3 a4 34. Nd4 Re7 35. Ne2 Nd5 36. Qd4 Be6 37. Nf4 Nxf4 38. Qxf4 Qxf4 39. exf4 Bd5 40. f3 Rfe8 41. Kf2 Kg7 42. h4 h5 43. Bd3 Bb3 44. Bc2 Bd5 45. Bd3 Rb8 46. Rb1 Rd7 47. Bc2 Rbd8 48. Rbd1 Kf6 49. Ke3 Re7+ 50. Kf2 Rde8 51. Bd3 Rb8 52. Rb1 Rd7 53. Bc2 Rbd8 54. Rbd1 Be6 55. Ke3 Rxd2 56. Rxd2 Rxd2 57. Kxd2 Bb3 58. Bb1 b4 59. Bd3 bxa3 60. Kc3 a2 61. Kb2 Ke6 62. g4 hxg4 63. fxg4 fxg4 64. Bxg6 g3 65. Be4 Bd5 66. f5+ Kf7 67. Bxd5+ cxd5 0-1

[Event "FRM-ch op"]
[Site "Ohrid"]
[Date "2019.08.25"]
[Round "2"]
[White "Eftovski, Sasho"]
[Black "Zlatkov, Anton"]
[Result "1-0"]
[WhiteElo "2128"]
[BlackElo "1817"]
[PlyCount "97"]
[EventDate "2019.08.24"]
[EventType "swiss"]
[EventRounds "9"]
[EventCountry "MKD"]
[SourceTitle "EXT 2020"]
[Source "ChessBase"]
[SourceDate "2019.10.17"]
[SourceVersion "1"]
[SourceVersionDate "2019.10.17"]
[SourceQuality "1"]

1. d4 d5 2. c4 e6 3. Nc3 Nf6 4. Bg5 Be7 5. e3 0-0 6. Nf3 a6 7. a3 Nbd7 8. c5 c6 9. Bd3 b6 10. b4 bxc5 11. bxc5 e5 12. Be2 e4 13. Nd2 Ne8 14. Bf4 f5 15. h3 Bf6 16. Qc2 Rf7 17. Bh2 Nf8 18. Na4 Bb7 19. 0-0 Ne6 20. Rab1 g6 21. Nb6 Ra7 22. Nb3 f4 23. Nd2 N8g7 24. Bg4 a5 25. Rfd1 Ba6 26. Nxe4 dxe4 27. Qxe4 Qe8 28. Bxe6 Qxe6 29. Qxf4 Nf5 30. d5 cxd5 31. Nxd5 Ne7 32. Nxf6+ Qxf6 33. Qb8+ Nc8 34. f3 Rae7 35. Rb6 Re6 36. Bd6 Qg5 37. Rxa6 Qxe3+ 38. Kh1 Re8 39. Rc6 Na7 40. Qb6 Nxc6 41. Qxc6 Rf6 42. Qd5+ Rfe6 43. Bg3 Qxa3 44. c6 Qc3 45. c7 Kg7 46. Qg5 Rc8 47. Rd7+ Kg8 48. Rd8+ Re8 49. Qd5+ 1-0

[Event "Skopje Karposh op"]
[Site "Skopje"]
[Date "2018.03.25"]
[Round "3"]
[White "Eftovski, Sasho"]
[Black "Arsovic, Zoran"]
[Result "0-1"]
[WhiteElo "2139"]
[BlackElo "2432"]
[PlyCount "108"]
[EventDate "2018.03.24"]
[EventType "swiss"]
[EventRounds "9"]
[EventCountry "MKD"]
[SourceTitle "CBM 183 Extra"]
[Source "ChessBase"]
[SourceDate "2018.04.19"]
[SourceVersion "1"]
[SourceVersionDate "2018.04.19"]
[SourceQuality "1"]

1. d4 Nf6 2. c4 d6 3. Nc3 Nbd7 4. e4 e5 5. d5 Nc5 6. Bd3 a5 7. f3 Be7 8. Nge2 0-0 9. Be3 Nfd7 10. 0-0 Bg5 11. Qd2 Bxe3+ 12. Qxe3 Nb6 13. b3 Qe7 14. Ng3 g6 15. Be2 Bd7 16. Rad1 Rae8 17. Qh6 Kh8 18. Rde1 c6 19. f4 exf4 20. Rxf4 cxd5 21. Nxd5 Nxd5 22. cxd5 Kg8 23. Ref1 f6 24. Rh4 Rf7 25. Rhf4 Qf8 26. Qxf8+ Rexf8 27. R4f2 Kg7 28. Bf3 Re7 29. Rd2 b5 30. Rc1 Rb8 31. Rd4 Ree8 32. Kf2 Rbc8 33. Kf1 Nxe4 34. Rxc8 Nxg3+ 35. hxg3 Rxc8 36. Rd2 Rc1+ 37. Kf2 f5 38. Ke3 Kf6 39. Kd4 h5 40. Be2 Be8 41. Bd3 Rc5 42. Rc2 Rxc2 43. Bxc2 Kg5 44. Bd1 f4 45. gxf4+ Kxf4 46. a3 h4 47. Bc2 g5 48. b4 a4 49. Bd3 Bd7 50. Be2 g4 51. Bd3 h3 52. gxh3 gxh3 53. Be4 h2 54. Bh1 Bg4 0-1